000 00870nam0a22002291 4500
001 rc\573990
005 20260407132354.0
035 _a(NLR Aleph) 005822213
090 _a5491636
_c5491636
100 _a20031121d1987 |||y0rusy50 ca
101 0 _arus
102 _aRU
105 _aa |||||||||
200 1 _aРекомендации по определению геометрических параметров кубов и поверке форм для контрольных образцов бетона
_fНИИ бетона и железобетона
210 _aМ.
_cСтройиздат
_d1987
215 _a34, [1] с.
_cил.
_d22
712 0 2 _aНИИ бетона и железобетона
_cМосква
_3RU\NLR\AUTH\889993516
_9483522
801 0 _aRU
_bNLR
_gpsbo
801 1 _aRU
_bELAR
_2rusmarc
852 _aNLR
_j87-6/1876
942 _cBOOK
980 _aNB